| 000 | 00958nam0a22002531 4500 | ||
|---|---|---|---|
| 001 | rc\1004820 | ||
| 005 | 20041129102009.4 | ||
| 035 | _a(NLR Aleph) 006170756 | ||
| 090 |
_a5961954 _c5961954 |
||
| 100 | _a20041129d1981 u |0rusy50 ca | ||
| 101 | 0 | _arus | |
| 102 | _aRU | ||
| 105 | _aa ||||||||| | ||
| 200 | 1 |
_aФизические основы конструирования, технологии РЭА и микроэлектроники _e[Учебник для вузов по спец. "Конструирование и пр-во радиоаппаратуры"] |
|
| 210 |
_aМ. _cРадио и связь _d1981 |
||
| 215 |
_a248 с. _cил. _d22 |
||
| 320 | _aБиблиогр.: с. 244 (27 назв.) | ||
| 320 | _aПредм. указ.: с. 245-246 | ||
| 700 | 1 |
_aШтернов _bА. А. _gАлександр Андреевич |
|
| 801 | 0 |
_aRU _bNLR _gpsbo |
|
| 801 | 1 |
_aRU _bELAR _2rusmarc |
|
| 852 |
_aNLR _j81-5/5456 |
||
| 942 | _cBOOK | ||
| 980 | _aNB | ||